| 000 | 00735pam a2200241 a 4500 | ||
|---|---|---|---|
| 001 | 3842519 | ||
| 005 | 20150826115808.0 | ||
| 008 | 870723s1987 cau b 000 0 eng | ||
| 010 | _a 87045180 | ||
| 020 |
_a0062504274 : _c$12.95 |
||
| 040 |
_aDLC _cDLC _dDLC |
||
| 050 | 0 | 0 |
_aBF575.H27 _bJ64 1987 |
| 082 | 0 | 0 |
_a152.4 _219 |
| 100 | 1 |
_aJohnson, Robert A., _d1921- _918812 |
|
| 245 | 1 | 0 |
_aEcstasy : _bunderstanding the psychology of joy / _cRobert A. Johnson. |
| 260 |
_aSan Francisco : _bHarper & Row, _cc1987. |
||
| 300 |
_axii, 100 p. ; _c22 cm. |
||
| 504 | _aBibliography: p. [99]-100. | ||
| 650 | 0 |
_aJoy. _918813 |
|
| 650 | 0 |
_aEcstasy. _92122 |
|
| 906 |
_a7 _bcbc _corignew _d1 _eocip _f19 _gy-gencatlg |
||
| 942 |
_2lcc _cMONOGRAPH |
||
| 999 |
_c123118 _d123118 |
||